Normovanie a hodnotenie práce v údržbe /

Guardado en:
Detalles Bibliográficos
Autores principales: Hajtš, Valentín (Autor), Šmíd, Ľuboš (Autor)
Formato: Libro
Lenguaje:eslovaco
Publicado: Bratislava : Práca, 1977
Etiquetas: Agregar Etiqueta
Sin Etiquetas, Sea el primero en etiquetar este registro!

MARC

LEADER 00000nam a22000003a 4500
001 stu36697
005 20150617225728.5
008 920617s1977----cs------------------slo-d
040 |a STU  |b slo 
041 0 |a slo 
044 |a cs 
100 1 |a Hajtš, Valentín  |4 aut 
245 1 |a Normovanie a hodnotenie práce v údržbe /  |c [aut.]Valentín Hajtš, Ľuboš Šmíd 
260 |a Bratislava :  |b Práca,  |c 1977 
300 |a 162 s 
700 1 |a Šmíd, Ľuboš  |4 aut 
996 |b 284M012143  |c M*6156-1  |l MMKN  |s A  |a 24  |w stu36697_0001 
996 |c V*19549/O-7521  |l VV16  |s P  |a 0  |w stu36697_0002